000 00579nam a2200157 a 4500
001 000033365
005 20200930070216.0
008 110825s1929 dr 000 0 spa d
040 _aDO-SdBNP
_bspa
_cBNPHU
082 _axxxx
_bR426m
110 1 _aRepública Dominicana.
_bSecretaría de Estado de Agricultura e Inmigración
_938549
245 1 0 _aMemoria correspondiente al año 1928, que al ciudadano presidente de la República /
_cRafael A. Espaillat.
260 _aSanto Domingo :
_bImp. de J. R. Vda. García, Sucesores,
_c1929.
300 _a320 p. ;
_c22 cm.
049 _aBNPD
999 _c32856
_d32856